Statistics for Baltimore Orioles: All-Star Selections

Click here to take the quiz!

General Stats

  • This quiz has been taken 607 times
    (326 since last reset)
  • The average score is 25 of 94

Answer Stats

PositionAmount of SelectionsPlayer% Correct
SS19Cal Ripken
93%
3B21Brooks Robinson
87%
OF5Frank Robinson
86%
P6Jim Palmer
85%
CF5Adam Jones
80%
1B1Chris Davis
80%
1B7Eddie Murray
68%
3B4Manny Machado
68%
P5Mike Mussina
62%
2B3Davey Johnson
57%
P1Jim Johnson
57%
1B4Boog Powell
52%
CF1Cedric Mullins
52%
P1Jorge López
52%
2B2Brian Roberts
49%
C4Matt Wieters
49%
RF1Nelson Cruz
48%
SS1J.J. Hardy
46%
1B1Rafael Palmeiro
45%
OF3Brady Anderson
42%
P1Lee Smith
42%
OF1Mark Trumbo
41%
SS3Miguel Tejada
39%
P2Zach Britton
38%
P1John Means
36%
3B2Melvin Mora
35%
2B1Jonathan Schoop
33%
2B3Roberto Alomar
33%
P1Tippy Martinez
30%
P3Mike Cuellar
29%
P3Dave McNally
28%
SS1Mark Belanger
28%
P1Mike Flanagan
28%
RF1Beau Bell
27%
CF2Paul Blair
27%
P1Steve Stone
27%
P1Chris Tillman
26%
P1Darren O'Day
25%
RF3Ken Singleton
24%
P1Scott McGregor
24%
P1Gregg Olson
23%
DH1Harold Baines
23%
SS1Mike Bordick
22%
OF1Al Bumbry
21%
2B3Bobby Grich
21%
SS2Luis Aparicio
20%
P1Mike Boddicker
20%
LF1B.J. Surhoff
19%
P1Pat Dobson
19%
P1Jim Wilson
18%
C2Andy Etchebarren
17%
P1Brad Brach
17%
P9Hoyt Wilhelm
17%
C1Mickey Tettleton
17%
1B9Jim Gentile
15%
LF1Don Buford
14%
C5Gus Triandos
14%
P1B.J. Ryan
13%
P4Milt Pappas
13%
3B1Ty Wigginton
13%
P2Jerry Walker
12%
C1Terry Kennedy
12%
3B1Tony Batista
12%
3B1George Kell
11%
P2Steve Barber
11%
SS1Billy Hunter
10%
P1Don Stanhouse
9%
P1George Sherrill
9%
P3Billy O'Dell
8%
P1Bob Turley
8%
P3Chuck Estrada
8%
P1Don Aase
8%
LF2Gene Woodling
8%
OF3Jackie Brandt
8%
3B1Harlond Clift
7%
P1Randy Myers
7%
SS3Ron Hansen
7%
P1Billy Loes
6%
1B1Norm Siebern
6%
P3Jack Kramer
5%
CF4Sam West
5%
P2Satchel Paige
5%
C1Sherm Lollar
5%
SS4Vern Stephens
5%
1B5George McQuinn
4%
RF1Roy Cullenbine
4%
OF1Al Zarilla
3%
3B1Bob Dillinger
3%
P1Bob Muncrief
3%
P1Bobo Newsom
3%
OF1Chet Laabs
3%
OF1Myril Hoag
3%
P1Ned Garver
3%
C2Rollie Hemsley
2%

Score Distribution

Percentile by Number Answered

Percent of People with Each Score

Your Score History

You have not taken this quiz since the last reset